| 000 | 00821nam a2200229Ia 4500 | ||
|---|---|---|---|
| 999 |
_c49581 _d49581 |
||
| 001 | 16513 | ||
| 003 | GE_BSU | ||
| 005 | 20200131131558.0 | ||
| 008 | 181216s2004||||en |||||||||||||| ||eng|| | ||
| 020 | _a978-1590593325 | ||
| 040 | _cGE_BSU | ||
| 080 | _a004.4 S-83 | ||
| 100 |
_aStephens, Jon. _96567 |
||
| 245 |
_aBeginning MySQL Database Design and Optimization : _bFrom Novice to Professional / _cJon Stephens ; Russell Chad . |
||
| 260 |
_busa : _aApress, _c2004. |
||
| 300 |
_a500 p .: _bill ; _c24 cm. |
||
| 653 | _aBeginning MySQL Database Design and Optimization: From Novice to Professional | ||
| 653 | _aკომპიუტერული ტექნოლოგიები | ||
| 653 | _aმონაცემთა ბაზები | ||
| 700 |
_aChad, Russell _96568 |
||
| 942 |
_cBK _2udc |
||